[Event "ch-FRA Blitz Online Qual"]
[Site "Europe-Chess INT"]
[Date "2020.05.16"]
[Round "8"]
[White "Varin, Timeo"]
[Black "Mallevaey, Guillaume"]
[Result "0-1"]
[WhiteElo "1287"]
[BlackElo "1823"]
[WhiteFideId "45117527"]
[BlackFideId "26026120"]
[EventDate "2020.05.16"]

1. e4 c6 2. d4 d5 3. e5 Bf5 4. h4 h5 5. Bd3 Bxd3 6. Qxd3 Qa5+ 7. Bd2 Qa6 8. e6
Qxd3 9. exf7+ Kxf7 10. cxd3 Nd7 11. Nf3 Ngf6 12. Ng5+ Kg8 13. O-O e5 14. dxe5
Nxe5 15. d4 Nc4 16. Bc3 Be7 17. Nd2 Nxd2 18. Bxd2 g6 19. Rfe1 Re8 20. Re2 Kg7
21. Rae1 Bd6 22. Rxe8 Rxe8 23. Rxe8 Nxe8 24. g3 Nf6 25. Kg2 Nd7 26. Kf3 Nb6 27.
b3 Kf6 28. Be3 Nc8 29. Bf4 Ba3 30. Be5+ Kf5 31. Ke2 Bb2 32. f3 c5 33. Kd3 b5 34.
Nf7 c4+ 35. bxc4 bxc4+ 36. Ke3 Ne7 37. Nd6+ Ke6 38. Nb5 Nc6 39. Bh8 c3 40. Kd3
Nb4+ 41. Ke2 c2 42. Nc7+ Kf7 43. Nb5 c1=Q 44. Be5 Qc4+ 45. Kf2 Qxb5 46. Kg2 Qe2+
47. Kh3 Nd3 48. g4 Nxe5 49. Kg3 Qxf3+ 50. Kh2 Nxg4+ 51. Kg1 Qf2+ 52. Kh1 Qh2# 0-1

[Event "ch-FRA Blitz Online Qual"]
[Site "Europe-Chess INT"]
[Date "2020.05.16"]
[Round "8"]
[White "Negre, Emilie"]
[Black "Schippke, Manon"]
[Result "0-1"]
[WhiteElo "1438"]
[BlackElo "1873"]
[WhiteFideId "45187223"]
[BlackFideId "45100446"]
[EventDate "2020.05.16"]

1. d4 Nf6 2. Nf3 g6 3. Nbd2 d5 4. b4 Bg7 5. c4 O-O 6. e3 a5 7. b5 c5 8. a4 Bf5
9. Be2 Nbd7 10. O-O Rc8 11. Qb3 dxc4 12. Bxc4 Nb6 13. Be2 Be6 14. Qb2 c4 15. Qc2
c3 16. Nb3 Bf5 17. Qa2 Nfd5 18. Nc5 Nb4 0-1

[Event "ch-FRA Blitz Online Qual"]
[Site "Europe-Chess INT"]
[Date "2020.05.16"]
[Round "8"]
[White "Gratton, Alexandre"]
[Black "Cornileau, Raphael"]
[Result "1-0"]
[WhiteElo "1792"]
[BlackElo "1397"]
[WhiteFideId "551063689"]
[BlackFideId "45105790"]
[EventDate "2020.05.16"]

1. c4 e5 2. Nc3 Nf6 3. Nf3 Nc6 4. e3 d5 5. cxd5 Nxd5 6. d4 exd4 7. exd4 Nxc3 8.
bxc3 Be7 9. h3 h6 10. Bb5 Bd7 11. O-O O-O 12. Re1 Bf6 13. Bf4 Rc8 14. Ba4 Re8
15. Qd3 Nxd4 16. Bxd7 Nxf3+ 17. gxf3 Rxe1+ 18. Rxe1 c6 19. Re8+ Qxe8 20. Bxe8
Rxe8 21. Qd7 Re7 22. Qd8+ Kh7 23. Kg2 Re2 24. Qd3+ 1-0

[Event "ch-FRA Blitz Online Qual"]
[Site "Europe-Chess INT"]
[Date "2020.05.16"]
[Round "8"]
[White "Spagnoli, Benjamin"]
[Black "Ogier, Daniil"]
[Result "1-0"]
[WhiteElo "1770"]
[BlackElo "1059"]
[WhiteFideId "20667116"]
[BlackFideId "45187398"]
[EventDate "2020.05.16"]

1. d4 c5 2. d5 Nf6 3. c4 b5 4. cxb5 a6 5. bxa6 g6 6. Nc3 Bxa6 7. Nf3 Bg7 8. g3
d6 9. Bg2 O-O 10. Rb1 Nbd7 11. b3 Rb8 12. O-O Ng4 13. Bb2 c4 14. Nd4 Bh6 15. Nc6
Qb6 16. Nxb8 Rxb8 17. e3 Bxe3 18. Qxg4 cxb3 19. axb3 Bxf1 20. Rxf1 Qb7 21. fxe3
Qxb3 22. Qxd7 Qxb2 23. Ne4 Qb6 24. Qxe7 Qxe3+ 25. Kh1 f5 26. Nf6+ Kh8 27. Qxh7# 1-0

[Event "ch-FRA Blitz Online Qual"]
[Site "Europe-Chess INT"]
[Date "2020.05.16"]
[Round "8"]
[White "Rouast, Joseph"]
[Black "Boumrar, Ayrad"]
[Result "1-0"]
[WhiteElo "1808"]
[BlackElo "1431"]
[WhiteFideId "45147000"]
[BlackFideId "45182310"]
[EventDate "2020.05.16"]

1. d4 Nf6 2. c4 e6 3. Nf3 Be7 4. g3 d5 5. Bg2 O-O 6. O-O dxc4 7. Ne5 Nc6 8. Nxc6
bxc6 9. Na3 Bxa3 10. bxa3 Qd6 11. Bf4 Qd7 12. Qa4 Nd5 13. Qxc4 Nxf4 14. gxf4 Bb7
15. Rac1 Rab8 16. e3 Ba8 17. Bxc6 Bxc6 18. Qxc6 Qxc6 19. Rxc6 Rb2 20. Rxc7 Rxa2
21. Rxa7 h5 22. Rc1 Rb8 23. a4 Rbb2 24. Rf1 Rb4 25. a5 Rba4 26. Kg2 Rxa5 27.
Rxa5 Rxa5 28. Kf3 f5 29. Rc1 Kf7 30. Kg3 Kf6 31. Rc3 Ra1 32. Rc6 Rg1+ 33. Kf3
Rd1 34. Ke2 Rh1 35. d5 Rxh2 36. Rxe6+ Kf7 37. Re5 g6 38. d6 Rh1 39. d7 Ra1 40.
d8=Q Ra2+ 41. Kf3 Rxf2+ 42. Kxf2 h4 43. Re7+ Kf6 44. Qd6# 1-0

[Event "ch-FRA Blitz Online Qual"]
[Site "Europe-Chess INT"]
[Date "2020.05.16"]
[Round "8"]
[White "Minde, Timothe"]
[Black "Laville, Renaud"]
[Result "0-1"]
[WhiteElo "1075"]
[BlackElo "1774"]
[WhiteFideId "551015579"]
[BlackFideId "640247"]
[EventDate "2020.05.16"]

1. e4 c5 2. Nf3 Nc6 3. d4 cxd4 4. Nxd4 Nf6 5. Nc3 d6 6. Be3 Ng4 7. Nxc6 bxc6 8.
Qd3 Nxe3 9. Qxe3 g6 10. Be2 Bg7 11. O-O O-O 12. Rad1 Qa5 13. a3 Rb8 14. Rb1 Be6
15. Rfe1 Rb7 16. Nd1 Qxe1+ 17. Bf1 Qxe3 18. Nxe3 Rxb2 19. Rxb2 Bxb2 20. a4 Bd4
21. Bd3 Rb8 22. h3 Be5 23. g3 Rb4 24. h4 Rxa4 25. Kg2 Bd4 26. Kf3 Bxe3 27. Kxe3
Ra3 28. Kd2 a5 29. c3 Bb3 30. Kc1 Ra2 31. Bb1 Rxf2 32. e5 a4 33. exd6 exd6 34.
Bxg6 hxg6 35. h5 gxh5 36. g4 hxg4 37. c4 g3 38. c5 g2 39. cxd6 g1=Q# 0-1

[Event "ch-FRA Blitz Online Qual"]
[Site "Europe-Chess INT"]
[Date "2020.05.16"]
[Round "8"]
[White "Mezouaghi, Miloud"]
[Black "Launay, Maxence"]
[Result "1-0"]
[WhiteElo "1999"]
[BlackElo "1084"]
[WhiteFideId "612634"]
[BlackFideId "551013231"]
[EventDate "2020.05.16"]

1. e4 d5 2. exd5 Nf6 3. d4 c6 4. dxc6 Nxc6 5. c3 Bf5 6. Nf3 e6 7. Be2 Bd6 8. O-O
Qc7 9. Nbd2 Bg4 10. h3 Bh5 11. Nc4 Bxf3 12. Nxd6+ Qxd6 13. Bxf3 O-O 14. Bg5 Nd5
15. g3 f6 16. Bd2 Rfe8 17. Re1 Rad8 18. Qb3 b6 19. Rad1 e5 20. dxe5 fxe5 21. Bg5
Ne7 22. Bxe7 Rxe7 23. Rxd5 Qxd5 24. Bxd5+ Kf8 25. c4 g6 26. Qf3+ Kg7 27. Qg4 Rf8
28. Qg5 Rd7 29. Qxe5+ Kh6 30. h4 Rfd8 31. Qg5+ Kg7 32. Re7+ Kf8 33. Qf6# 1-0

[Event "ch-FRA Blitz Online Qual"]
[Site "Europe-Chess INT"]
[Date "2020.05.16"]
[Round "8"]
[White "Vernadet, Jacques"]
[Black "Bourgeois, Florian"]
[Result "0-1"]
[WhiteElo "1600"]
[BlackElo "2033"]
[WhiteFideId "665169"]
[BlackFideId "690660"]
[EventDate "2020.05.16"]

1. e4 g6 2. e5 Bg7 3. d4 d6 4. f4 dxe5 5. fxe5 c5 6. c3 Nc6 7. Nf3 cxd4 8. cxd4
Bg4 9. Bb5 Bxf3 10. Qxf3 Rc8 11. O-O a6 12. Qxf7+ Kd7 13. Bxc6+ Kxc6 14. Be3 Nh6
15. Qc4+ Kd7 16. Qd5+ Ke8 17. Bxh6 Bxh6 18. Qf7+ Kd7 19. Qd5+ Kc7 20. Qe4 Kb8
21. Nc3 Rc4 22. Rad1 Rf8 23. Rxf8 Qxf8 24. Nd5 e6 25. Nf6 Qb4 26. b3 Rc3 27.
Nd7+ Ka7 28. Nc5 Be3+ 29. Kh1 Bxd4 30. h3 Bxc5 31. Rd7 Qxe4 32. Rxh7 Qe1+ 33.
Kh2 Qg1# 0-1

[Event "ch-FRA Blitz Online Qual"]
[Site "Europe-Chess INT"]
[Date "2020.05.16"]
[Round "8"]
[White "El Barbry, Sarah"]
[Black "Ritzenthaler, Stephane"]
[Result "1-0"]
[WhiteElo "1779"]
[BlackElo "1988"]
[WhiteFideId "26051419"]
[BlackFideId "638080"]
[EventDate "2020.05.16"]

1. e4 c5 2. Nc3 Nc6 3. Bb5 Nd4 4. Bc4 e6 5. Nf3 Nf6 6. d3 d5 7. Bb3 Be7 8. O-O
O-O 9. Bf4 Nxb3 10. axb3 dxe4 11. Nxe4 Nxe4 12. dxe4 Bd7 13. Ne5 Bb5 14. Re1 Bf6
15. c4 Bxe5 16. Bxe5 Bc6 17. Qg4 g6 18. Rad1 Qe7 19. Bd6 Qf6 20. e5 Qg7 21. Bxc5
Rfd8 22. Bd6 Rd7 23. Re3 Rad8 24. Red3 Qh6 25. Qh3 Qg5 26. Kf1 a6 27. Rg3 Qf4
28. Rg4 Qxe5 29. Bxe5 Rxd1+ 30. Ke2 R8d2+ 31. Ke3 Rd3+ 32. Kf4 Rxh3 33. gxh3 Rd2
34. f3 h6 35. Bc7 Rd3 36. Kg3 Rxf3+ 37. Kh4 Rxb3 38. Rd4 g5+ 39. Kh5 Bf3+ 40.
Kxh6 Kf8 41. Bd6+ Ke8 42. Kxg5 Bc6 43. Bg3 Rxb2 44. h4 Rg2 45. h5 Ke7 46. h6 f6+
47. Kg6 Be8+ 48. Kg7 Re2 49. h7 Re5 50. Bxe5 fxe5 51. h8=Q exd4 52. Qh4+ Kd7 53.
Qxd4+ Kc7 54. h4 Bd7 55. h5 e5 56. Qxe5+ Kc6 57. h6 b5 58. cxb5+ axb5 59. h7 1-0

[Event "ch-FRA Blitz Online Qual"]
[Site "Europe-Chess INT"]
[Date "2020.05.16"]
[Round "8"]
[White "Henry, Tony"]
[Black "Robine, Guillaume"]
[Result "1-0"]
[WhiteElo "1979"]
[BlackElo "1571"]
[WhiteFideId "622427"]
[BlackFideId "45127352"]
[EventDate "2020.05.16"]

1. e4 d5 2. exd5 Nf6 3. d4 Bg4 4. Nf3 Qxd5 5. Nc3 Qf5 6. Be2 Nc6 7. h3 Bxf3 8.
Bxf3 e6 9. O-O Bd6 10. d5 exd5 11. Re1+ Be7 12. Nxd5 O-O-O 13. c4 Rhe8 14. Bg5
Nxd5 15. Bg4 Bxg5 16. Bxf5+ Kb8 17. cxd5 Rxe1+ 18. Qxe1 Rxd5 19. Rd1 1-0

[Event "ch-FRA Blitz Online Qual"]
[Site "Europe-Chess INT"]
[Date "2020.05.16"]
[Round "8"]
[White "Grosse, Ludovic"]
[Black "Gouait, Raymond"]
[Result "1-0"]
[WhiteElo "1958"]
[BlackElo "1566"]
[WhiteFideId "26045842"]
[BlackFideId "20621604"]
[EventDate "2020.05.16"]

1. d4 Nf6 2. Nf3 b6 3. Bf4 Bb7 4. Nbd2 d6 5. e3 e6 6. Bd3 Be7 7. c4 O-O 8. O-O
Nbd7 9. Re1 c5 10. Qc2 h6 11. a4 cxd4 12. exd4 Rc8 13. Qb3 Nh5 14. Be3 e5 15.
Rad1 Re8 16. dxe5 Nxe5 17. Nxe5 dxe5 18. Be4 Qc7 19. Bxb7 Qxb7 20. Qc3 Bf6 21.
b3 e4 22. Qb4 Be7 23. Qb5 Bc5 24. a5 Bxe3 25. Rxe3 Qc7 26. Qxh5 bxa5 27. Nxe4
Re5 28. Qe2 f6 29. Nd6 Rxe3 30. Qxe3 Rd8 31. Qe6+ Kh7 32. Qf5+ Kg8 33. c5 Qe7
34. Qd5+ Kh7 35. Qd3+ Kg8 36. Qc4+ Kh7 37. Kf1 Qc7 38. Qe4+ Kg8 39. Qe6+ Kh7 40.
Qf5+ Kg8 41. Re1 Qd7 42. Qxd7 Rxd7 43. Re8+ Kh7 44. Ra8 Kg6 45. c6 Rxd6 46. c7
Rd1+ 47. Ke2 Rc1 48. c8=Q Rxc8 49. Rxc8 a6 50. Ra8 Kf5 51. Rxa6 Ke5 52. Rxa5+
Kd4 53. b4 Kc4 54. Ra7 Kxb4 55. Rxg7 Kc4 56. Rf7 Kd5 57. Rxf6 h5 58. Rh6 Ke4 59.
Rxh5 Kf4 60. g3+ Kg4 61. Rh4+ Kg5 62. f4+ Kf5 63. Rh5+ Kg4 64. Rg5+ Kh3 65. Kf2 1-0

[Event "ch-FRA Blitz Online Qual"]
[Site "Europe-Chess INT"]
[Date "2020.05.16"]
[Round "8"]
[White "Auribault, Louis"]
[Black "Courbi, Stephane"]
[Result "0-1"]
[WhiteElo "1618"]
[BlackElo "1955"]
[WhiteFideId "45196591"]
[BlackFideId "647462"]
[EventDate "2020.05.16"]

1. e4 e5 2. Nf3 Nc6 3. Bb5 a6 4. Ba4 Nf6 5. Nc3 b5 6. Bb3 Bc5 7. d3 h6 8. Nd5
O-O 9. c3 d6 10. Nxf6+ Qxf6 11. Bd5 Bd7 12. Rg1 Rab8 13. g4 Ne7 14. g5 hxg5 15.
Bxg5 Nxd5 16. Bxf6 Nxf6 17. Qd2 Ng4 18. Rg2 f5 19. exf5 Rxf5 20. Rxg4 Rxf3 21.
Rg2 Rbf8 22. d4 exd4 23. cxd4 Re8+ 24. Kf1 Bb6 25. Qg5 Rf7 26. Qg3 Ref8 27. Rd1
c5 28. dxc5 Bxc5 29. Rd2 Bc6 30. Rg1 b4 31. Re2 Bb5 32. Rg2 Re8 33. f3 Rfe7 34.
b3 Bxe2+ 35. Rxe2 Rxe2 36. h4 Rf2+ 0-1

[Event "ch-FRA Blitz Online Qual"]
[Site "Europe-Chess INT"]
[Date "2020.05.16"]
[Round "8"]
[White "Deschamps, Quentin"]
[Black "De Smet, Fabrice"]
[Result "1-0"]
[WhiteElo "1908"]
[BlackElo "1520"]
[WhiteFideId "26010119"]
[BlackFideId "45129657"]
[EventDate "2020.05.16"]

1. e4 c5 2. Nf3 d6 3. d4 cxd4 4. Nxd4 Nf6 5. Nc3 a6 6. Bg5 e6 7. f4 Be7 8. Qf3
Qc7 9. O-O-O Nbd7 10. g4 b5 11. Bxf6 Nxf6 12. Bd3 b4 13. Nd5 exd5 14. e5 dxe5
15. fxe5 Qxe5 16. Rhe1 Qxd4 17. Bb5+ Bd7 18. Bxd7+ Kxd7 19. Rxd4 Rhe8 20. g5 Ne4
21. Rexe4 Bxg5+ 22. Rf4 Bxf4+ 23. Qxf4 Re1+ 24. Kd2 Rae8 25. Rxd5+ Kc6 26. Qd6+
Kb7 27. Qd7+ 1-0

[Event "ch-FRA Blitz Online Qual"]
[Site "Europe-Chess INT"]
[Date "2020.05.16"]
[Round "8"]
[White "Hetier, Thomas"]
[Black "Berthaut, Alexandre"]
[Result "0-1"]
[WhiteElo "1598"]
[BlackElo "1924"]
[WhiteFideId "45146586"]
[BlackFideId "26080192"]
[EventDate "2020.05.16"]

1. f4 e5 2. e4 exf4 3. Nf3 g5 4. Bc4 Nc6 5. d4 d6 6. O-O Bg4 7. Nc3 Qd7 8. d5
Ne5 9. Be2 Bxf3 10. Bxf3 g4 11. Bxf4 gxf3 12. Bxe5 dxe5 13. Qxf3 O-O-O 14. Qf2
Qe7 15. Qxa7 Qc5+ 16. Qxc5 Bxc5+ 17. Kh1 Nh6 18. Na4 Bd4 19. Rf6 Ng4 20. Rxf7
Nf2+ 21. Kg1 Nxe4+ 22. Kf1 Rdf8 23. Rxf8+ Rxf8+ 24. Ke2 Rf2+ 25. Kd3 Nc5+ 26.
Nxc5 Bxc5 27. Re1 Rxg2 28. Rxe5 Rxh2 29. a3 h5 30. b4 Bd6 31. Re8+ Kd7 32. Rh8
h4 33. c4 h3 34. c5 Be5 35. Ke4 Bxh8 0-1

[Event "ch-FRA Blitz Online Qual"]
[Site "Europe-Chess INT"]
[Date "2020.05.16"]
[Round "8"]
[White "Benayoun, Omri"]
[Black "Delabre, Gaspard"]
[Result "1-0"]
[WhiteElo "1901"]
[BlackElo "1449"]
[WhiteFideId "45113807"]
[BlackFideId "36076627"]
[EventDate "2020.05.16"]

1. d4 d6 2. Nf3 Nf6 3. Bg5 c6 4. Nbd2 Nbd7 5. e4 e5 6. c3 Be7 7. Bd3 O-O 8. O-O
h6 9. Bh4 Nh7 10. Bg3 Ng5 11. dxe5 Nxf3+ 12. Nxf3 dxe5 13. Nxe5 Nxe5 14. Bxe5
Bf6 15. Bxf6 Qxf6 16. Qc2 Be6 17. f4 Bg4 18. Rae1 Rad8 19. e5 Qe7 20. h3 Be6 21.
f5 Bxa2 22. f6 Qc5+ 23. Kh1 Bd5 24. Bh7+ Kh8 25. fxg7+ Kxg7 26. Be4 Rde8 27.
Bxd5 Qxd5 28. Qf5 Re6 29. Rf4 Rg6 30. Rg4 Re8 31. Rxg6+ fxg6 32. Qf6+ Kh7 33. e6
Qd6 34. Qf7+ 1-0

[Event "ch-FRA Blitz Online Qual"]
[Site "Europe-Chess INT"]
[Date "2020.05.16"]
[Round "8"]
[White "Percheron, Andre"]
[Black "Dietrich, Antoine"]
[Result "1-0"]
[WhiteElo "1846"]
[BlackElo "1499"]
[WhiteFideId "20607091"]
[BlackFideId "679879"]
[EventDate "2020.05.16"]

1. Nf3 Nc6 2. d4 d5 3. Bf4 Nf6 4. e3 Bg4 5. Be2 e6 6. O-O Bd6 7. Bxd6 cxd6 8.
Nfd2 Bxe2 9. Qxe2 e5 10. c4 O-O 11. cxd5 Nxd5 12. Nc3 Nf6 13. d5 Ne7 14. e4 Ng6
15. Qb5 a6 16. Qb4 Rb8 17. Nc4 Ne8 18. Rac1 Nf4 19. g3 Ne2+ 20. Nxe2 Qf6 21. Kg2
b5 22. Na5 Qg6 23. Nc6 Rb7 24. Nc3 Kh8 25. Qa5 Nc7 26. Nb4 Ra8 27. Nxb5 axb5 28.
Qxa8+ 1-0

[Event "ch-FRA Blitz Online Qual"]
[Site "Europe-Chess INT"]
[Date "2020.05.16"]
[Round "8"]
[White "Frey, Thierry"]
[Black "Gandreuil, Brice"]
[Result "0-1"]
[WhiteElo "1792"]
[BlackElo "1500"]
[WhiteFideId "1317709"]
[BlackFideId "36078425"]
[EventDate "2020.05.16"]

1. e4 e6 2. d4 d5 3. Nc3 Nf6 4. e5 Nfd7 5. f4 c5 6. Nce2 Nc6 7. c3 a6 8. Nf3
cxd4 9. Nexd4 f6 10. Nxe6 Qb6 11. Nxf8 Rxf8 12. Qxd5 fxe5 13. Be2 Nf6 14. Qc4
Ng4 15. Nxe5 Qf2+ 16. Kd1 Ne3+ 17. Kd2 Nxc4+ 18. Nxc4 Bg4 19. Re1 O-O-O+ 20. Kc2
Qxe1 0-1

[Event "ch-FRA Blitz Online Qual"]
[Site "Europe-Chess INT"]
[Date "2020.05.16"]
[Round "8"]
[White "Hsu, Victor"]
[Black "Pigeat, Benoit"]
[Result "0-1"]
[WhiteElo "1476"]
[BlackElo "1873"]
[WhiteFideId "551034107"]
[BlackFideId "20643390"]
[EventDate "2020.05.16"]

1. d4 Nf6 2. Nf3 g6 3. Bf4 Bg7 4. e3 d6 5. c3 c6 6. Bd3 O-O 7. Nbd2 Nbd7 8. Qc2
Re8 9. O-O-O Qa5 10. Qb1 e5 11. Bg3 b5 12. a3 Qb6 13. h4 a5 14. h5 exd4 15. exd4
d5 16. hxg6 hxg6 17. Nh4 Nf8 18. Bd6 Re6 19. Bc5 Qc7 20. Bxf8 Kxf8 21. Nxg6+
fxg6 22. Bxg6 Qf4 23. g3 Qg5 24. f4 Qg4 25. f5 Re3 26. Rde1 Rxe1+ 27. Rxe1 Bd7
28. Qc2 Bh6 29. Qd3 Bxd2+ 0-1

[Event "ch-FRA Blitz Online Qual"]
[Site "Europe-Chess INT"]
[Date "2020.05.16"]
[Round "8"]
[White "Grulier, Ernest"]
[Black "Louvrier Saint-Mary, Jean-Roger"]
[Result "0-1"]
[WhiteElo "1469"]
[BlackElo "1780"]
[WhiteFideId "551048060"]
[BlackFideId "618349"]
[EventDate "2020.05.16"]

1. e4 c5 2. Nf3 e6 3. c3 Qa5 4. Be2 b5 5. O-O c4 6. d4 cxd3 7. Qxd3 Bb7 8. Nbd2
Nc6 9. Nb3 Qc7 10. Qxb5 Nf6 11. Qd3 Bd6 12. Rd1 Ne5 13. Qxd6 Qxd6 14. Rxd6 Nxe4
15. Rd1 Ng4 16. Be3 Nxe3 17. fxe3 d5 18. Nbd2 Nf6 19. Nd4 O-O 20. N2f3 Ne4 21.
Nd2 Nf6 22. Bf3 e5 23. N4b3 Rac8 24. Rac1 g5 25. h3 h5 26. c4 g4 27. hxg4 hxg4
28. Be2 Ba6 29. Na5 Rfd8 30. b3 Kg7 31. Kf2 Kg6 32. cxd5 g3+ 33. Ke1 Bxe2 34.
Kxe2 Rxc1 35. Rxc1 Rxd5 36. Nac4 Ng4 37. e4 Rd4 38. Kf3 Kg5 39. Nf1 Rd3+ 40. Ke2
Rd4 41. Nxg3 a6 42. Rd1 Rxd1 43. Kxd1 Kf4 44. Ne2+ Kxe4 45. Kd2 f5 46. a4 Kd5
47. b4 Kxc4 48. b5 axb5 49. axb5 Kxb5 50. Ng1 e4 51. Ke2 Kc4 52. Nh3 Kd4 53. Nf4
Ke5 54. g3 Kd4 55. Ne6+ Kd5 56. Nf4+ Ke5 57. Kd2 e3+ 58. Ke2 Ke4 59. Ng2 Kd4 60.
Nh4 Nh6 61. Nf3+ Ke4 62. Ne1 Nf7 0-1

[Event "ch-FRA Blitz Online Qual"]
[Site "Europe-Chess INT"]
[Date "2020.05.16"]
[Round "8"]
[White "Martinez, Felicien"]
[Black "Ogier, Arnaud"]
[Result "1-0"]
[WhiteElo "1867"]
[BlackElo "1569"]
[WhiteFideId "45141207"]
[BlackFideId "45196494"]
[EventDate "2020.05.16"]

1. c4 e5 2. g3 Nf6 3. Nc3 Bb4 4. Bg2 O-O 5. e3 c6 6. Nge2 d5 7. cxd5 cxd5 8. d4
exd4 9. exd4 Re8 10. O-O h6 11. Bf4 Nc6 12. Rc1 Bg4 13. f3 Bh5 14. a3 Bd6 15.
Bxd6 Qxd6 16. Nf4 a6 17. Nxh5 Nxh5 18. f4 Nf6 19. Qd3 Re7 20. Rfe1 Rae8 21. Re5
Nxe5 22. fxe5 Qe6 23. exf6 Qxf6 24. Nxd5 Re1+ 25. Rxe1 Rxe1+ 26. Bf1 Qe6 27. Nf4
Qe3+ 28. Qxe3 Rxe3 29. Kf2 Rb3 30. Nd3 Kf8 31. Ke3 Ke7 32. Be2 Rb6 33. Ke4 Re6+
34. Kf3 f6 35. Bd1 Rb6 36. b4 a5 37. Ke4 axb4 38. axb4 Ra6 39. Nc5 Ra2 40. Nxb7
Rxh2 41. Nc5 Rg2 42. b5 Rxg3 43. b6 Kd8 44. Ba4 Rg1 45. b7 Kc7 46. Bc6 Re1+ 47.
Kd3 Rc1 48. Na6+ Kxc6 49. b8=Q Kd5 50. Qd8+ Ke6 51. Qe8+ Kf5 52. Qd7+ Kg6 53.
Qg4+ Kf7 54. Nc5 Rd1+ 55. Kc2 Ra1 56. Qd7+ Kg6 57. Qg4+ Kf7 58. Qh5+ Ke7 59. Kc3
Rc1+ 60. Kb4 Rb1+ 61. Kc4 Rc1+ 62. Kd5 Re1 63. Qg6 Rc1 64. Qxg7+ Kd8 65. Qd7# 1-0

[Event "ch-FRA Blitz Online Qual"]
[Site "Europe-Chess INT"]
[Date "2020.05.16"]
[Round "8"]
[White "Mendoza, Mael"]
[Black "Ragneau, Freddy"]
[Result "1-0"]
[WhiteElo "1451"]
[BlackElo "1859"]
[WhiteFideId "551036533"]
[BlackFideId "36001228"]
[EventDate "2020.05.16"]

1. e4 Nf6 2. e5 Nd5 3. d4 d6 4. c4 Nb6 5. exd6 cxd6 6. Nf3 g6 7. Be2 Bg7 8. O-O
O-O 9. Nc3 Nc6 10. Be3 e5 11. dxe5 dxe5 12. Qxd8 Rxd8 13. Rad1 Be6 14. b3 Nd4
15. Bxd4 exd4 16. Nb5 a6 17. Nbxd4 Bd7 18. Nc2 Re8 19. Ne3 Bc6 20. Rd3 Be4 21.
Rd2 Bc3 22. Rdd1 Rad8 23. Ng5 Bc6 24. Bf3 h6 25. Bxc6 bxc6 26. Nf3 Bg7 27. Rfe1
a5 28. Rxd8 Rxd8 29. Rd1 Re8 30. Rd6 Rc8 31. Nd4 Be5 32. Rxc6 Bxd4 33. Nd5 Rxc6
34. Ne7+ Kg7 35. Nxc6 Bc5 36. Nxa5 Nd7 37. Nc6 Ba3 38. Kf1 Kf6 39. Ke2 Ke6 40.
Nd4+ Kd6 41. Kd3 Kc5 42. Nb5 Kb4 43. Nd4 Nc5+ 44. Ke3 Bb2 45. Nc2+ Kc3 46. b4
Na4 47. c5 Kxc2 48. c6 Be5 49. b5 Bc7 50. Kd4 f5 51. Kc4 Nb6+ 52. Kc5 Kd3 53. a4
Ke4 54. a5 Na4+ 55. Kb4 Bxa5+ 56. Kxa5 Nc5 57. c7 Nb7+ 58. Kb6 Nd6 59. Kc6 Ke5
60. b6 Ke6 61. b7 Nc4 62. c8=Q+ Ke5 63. b8=Q+ Ke4 64. Qe6+ Kd3 65. Qb3+ Kd2 1-0

[Event "ch-FRA Blitz Online Qual"]
[Site "Europe-Chess INT"]
[Date "2020.05.16"]
[Round "8"]
[White "Drieu, Hugo"]
[Black "Bellahcene, Meriem"]
[Result "0-1"]
[WhiteElo "1425"]
[BlackElo "1936"]
[WhiteFideId "45170738"]
[BlackFideId "20655347"]
[EventDate "2020.05.16"]

1. e4 d6 2. d4 Nf6 3. Nc3 Nbd7 4. f4 e5 5. d5 Be7 6. Nf3 exf4 7. Bxf4 Nc5 8. Qd4
O-O 9. O-O-O a5 10. e5 dxe5 11. Bxe5 Ncd7 12. Nb5 Nxe5 13. Qxe5 Bd6 14. Nxd6
cxd6 15. Qd4 Bf5 16. Bd3 Qd7 17. Rhf1 Bg6 18. Bxg6 hxg6 19. h3 Rac8 20. c3 b5
21. g4 b4 22. Rd3 Qb5 23. Rfd1 Rc4 24. Qe3 Rb8 25. b3 Re4 26. Qd2 a4 27. c4 Qc5
28. Rd4 axb3 0-1

[Event "ch-FRA Blitz Online Qual"]
[Site "Europe-Chess INT"]
[Date "2020.05.16"]
[Round "8"]
[White "Condat, Hugo"]
[Black "Moindjie, Nassuf"]
[Result "1-0"]
[WhiteElo "1961"]
[BlackElo "1471"]
[WhiteFideId "26027402"]
[BlackFideId "551098237"]
[EventDate "2020.05.16"]

1. e4 c5 2. Nf3 Nc6 3. Bb5 g6 4. Bxc6 bxc6 5. d4 cxd4 6. Qxd4 Nf6 7. e5 Nd5 8.
c4 Nb4 9. Qc3 c5 10. a3 Nc6 11. e6 f6 12. exd7+ Bxd7 13. O-O Bg7 14. Nbd2 O-O
15. Re1 e5 16. b4 cxb4 17. axb4 Qc7 18. Ba3 e4 19. Nd4 Nxd4 20. Qxd4 f5 21. Qd5+
Kh8 22. Rad1 Bc6 23. Qc5 Rf7 24. Nb3 a6 25. b5 axb5 26. cxb5 Bb7 27. Qxc7 Rxc7
28. Bd6 Rc3 29. Nc5 Bc8 30. b6 1-0

[Event "ch-FRA Blitz Online Qual"]
[Site "Europe-Chess INT"]
[Date "2020.05.16"]
[Round "8"]
[White "Kollar, Guillaume"]
[Black "Quartararo, Pierre"]
[Result "0-1"]
[WhiteElo "1439"]
[BlackElo "1909"]
[WhiteFideId "36001732"]
[BlackFideId "614491"]
[EventDate "2020.05.16"]

1. e4 c5 2. Nf3 d6 3. d4 cxd4 4. Nxd4 Nf6 5. Nc3 a6 6. f3 Qc7 7. Be3 e5 8. Nb3
Be7 9. Bd3 Be6 10. O-O O-O 11. Na4 Nbd7 12. Qd2 b5 13. Nc3 Rac8 14. a3 Nc5 15.
Nxc5 dxc5 16. Rfd1 Rfd8 17. Qe2 c4 18. Nd5 Bxd5 19. exd5 cxd3 20. Rxd3 Rxd5 21.
Rc3 Bc5 22. f4 exf4 23. Bxc5 Rxc5 24. Rxc5 Qxc5+ 25. Kh1 Qxc2 26. Qf1 Nd5 27.
Rd1 Ne3 0-1

[Event "ch-FRA Blitz Online Qual"]
[Site "Europe-Chess INT"]
[Date "2020.05.16"]
[Round "8"]
[White "Ghazaryan, Gor"]
[Black "Sallette, Alain"]
[Result "1-0"]
[WhiteElo "1431"]
[BlackElo "1831"]
[WhiteFideId "45137595"]
[BlackFideId "626570"]
[EventDate "2020.05.16"]

1. e4 e5 2. Nf3 Nc6 3. Bb5 Nf6 4. O-O Bc5 5. c3 O-O 6. d4 Be7 7. Bxc6 bxc6 8.
Nxe5 Nxe4 9. Re1 Nd6 10. Qe2 Re8 11. Qf3 Bf6 12. Bf4 Nc4 13. Nd2 Nxe5 14. Bxe5
d6 15. Bxf6 Rxe1+ 16. Rxe1 Qd7 17. Qg3 g6 18. Re7 Qe6 1-0